书目信息 |
| 题名: |
中国环境标志产品认证技术要求
|
|
| 作者: | ;国家环境保护总局 编 | |
| 分册: | ||
| 出版信息: | 北京 中国环境科学出版社 2004.5 |
|
| 页数: | 248页 | |
| 开本: | 29cm | |
| 丛书名: | ||
| 单 册: | ||
| 中图分类: | F426 , X-657 | |
| 科图分类: | ||
| 主题词: | 工业产品--gong ye chan pin , 环境标志--huan jing biao zhi--工业产品--产品质量--认证--中国 , 环境标志--huan jing biao zhi , 产品质量--chan pin zhi liang , 认证--ren zheng | |
| 电子资源: | ||
| ISBN: | 7-80163-838-7 | |
| 000 | 01206nam0 2200289 45 | |
| 001 | 012005000794 | |
| 005 | 20071015101827.14 | |
| 010 | @a7-80163-838-7@dCNY36.00 | |
| 100 | @a20050510d2004 em y0chiy0121 ea | |
| 101 | 0 | @achi |
| 102 | @aCN@b110000 | |
| 105 | @ay z 000yy | |
| 200 | 1 | @a中国环境标志产品认证技术要求@Azhong guo huan jing biao zhi chan pin ren zheng ji shu yao qiu@f国家环境保护总局科技标准司编 |
| 210 | @a北京@c中国环境科学出版社@d2004.5 | |
| 215 | @a248页@d29cm | |
| 330 | @a本书分两部分, 环境标志产品认证技术要求和环境标志产品认证技术要求编制说明, 主要内容包括: 家用制冷器具; 无铅车用汽油; 再生纸制品; 无汞镉铅充电电池; 洗涤剂; 家用制冷器具环境标志产品技术要求等。 | |
| 510 | 1 | @aThe certifiable technical requirement for China environmental labelling products@zeng |
| 606 | 0 | @a工业产品@Agong ye chan pin |
| 606 | 0 | @a环境标志@Ahuan jing biao zhi@x工业产品@x产品质量@x认证@y中国 |
| 606 | 0 | @a环境标志@Ahuan jing biao zhi |
| 606 | 0 | @a产品质量@Achan pin zhi liang |
| 606 | 0 | @a认证@Aren zheng |
| 690 | @aF426@v4 | |
| 690 | @aX-657@v4 | |
| 711 | 02 | @a国家环境保护总局@Aguo jia huan jing bao hu zong ju@b科技标准司@4编 |
| 801 | 0 | @aCN@c20071015 |
| 905 | @dF426@eG899 | |
| 中国环境标志产品认证技术要求/国家环境保护总局科技标准司编.-北京:中国环境科学出版社,2004.5 |
| 248页;29cm |
| ISBN 7-80163-838-7:CNY36.00 |
| 本书分两部分, 环境标志产品认证技术要求和环境标志产品认证技术要求编制说明, 主要内容包括: 家用制冷器具; 无铅车用汽油; 再生纸制品; 无汞镉铅充电电池; 洗涤剂; 家用制冷器具环境标志产品技术要求等。 |
| ● |
| 相关链接 |
|
|
|
正题名:中国环境标志产品认证技术要求
索取号:F426/G899
 
预约/预借
| 序号 | 登录号 | 条形码 | 馆藏地/架位号 | 状态 | 备注 |
| 1 | 639321 | 206393213 | 社科库409/409社科库 35排5列5层/ [索取号:F426/G899] | 在馆 | |
| 2 | 639322 | 206393222 | 社科二线422/422社科库 6排1列1层/ [索取号:F426/G899] | 在馆 | |
| 3 | 639323 | 206393231 | 社科库409/409社科库 35排5列5层/ [索取号:F426/G899] | 在馆 | |
| 4 | 650619 | 206506191 | 社科二线422/409社科库 36排1列1层/ [索取号:F426/G899] | 在馆 |